000 00968nam a2200229 i 4500
001 164005
003 ES-MaACL
005 20230906212844.0
008 990315s1864 fr |||| | fre d
040 _aCCPB | B
_bspa
_cCCPB | B
100 1 _aRougier, J.-C. Paul.
_9132092
245 1 4 _aLes associations ouvrières
_b: Étude sur leur passé, leur présent, leurs conditions de progrès /
_cpar J.-C. Paul Rougier.
260 _aParis :
_bLibrairie de Guillaumin et C\pie\s ;
_aLyon :
_bchez Tous les Libraires,
_c1864.
300 _aXI, 467 p. ;
_c21 cm.
490 1 _aBibliothèque des Sociètes de secours mutuels
500 _aConsta en port.: Ouvrage couronné par l'Académie Impériale des Sciences, Belles-Lettres et Arts de Lyon.
597 _aAntep.
650 4 _aAsociaciones de trabajadores.
_9135641
830 0 _aBibliothèque des Sociètes de secours mutuels
_9222325
852 _aES-MaACL
_jG-11727
_z-- Enc. hol.
999 _c164005
_d164005